| 000 | 00407nam a22001577a 4500 | ||
|---|---|---|---|
| 005 | 20250916135721.0 | ||
| 008 | 250916b |||||||| |||| 00| 0 eng d | ||
| 082 |
_a891.4 _bWAS-M |
||
| 100 | _aWasi Shah | ||
| 245 | _aMirza Ghalib se Wasi Shah tak / | ||
| 260 |
_apakistan: _belsevier; _c2012. |
||
| 300 |
_axiv, 240 p. : _c24 cm. |
||
| 500 | _ainclude index. | ||
| 650 | _aurdu litreature | ||
| 999 |
_c37096 _d37096 |
||